000 00744nam0a2200265 i 4500
001 RU\NLR\BIBL_A\011215635
005 20240727041825.0
010 _a9785990615014
_9300
021 _aRU
_b2016-67654
_94345
035 _a(NLR Aleph) 011215635
090 _a11995227
_c11995227
100 _a20160919d2016 m y0rusy50 ca
101 0 _arus
102 _aRU
105 _ay z 000ay
200 1 _aБобылка
_eроман
_fЛюбовь Предвечная
210 _aСамара
_c[б. и.]
_d2016
215 _a227 с.
_d22
686 2 _aШ6(2=Р)8-440.4
700 1 _aПредвечная
_bЛ. С.
_gЛюбовь С.
942 _cBOOK
980 _aNBR